Gramática griega
Na minha lista:
| Autor principal: | |
|---|---|
| Formato: | Livro |
| Idioma: | espanhol |
| Publicado em: |
Barcelona
Bosch
1949
|
| Edição: | 6a. ed |
| Assuntos: | |
| Tags: |
Adicionar Tag
Sem tags, seja o primeiro a adicionar uma tag!
|
MARC
| LEADER | 00000nam a2200000 a 4500 | ||
|---|---|---|---|
| 001 | UCY4738 | ||
| 003 | CL-VaPUC | ||
| 008 | 950328e19490000SP |||||||||||||||||spa|d | ||
| 082 | 0 | 4 | |a 485 |b BER |2 21 |
| 100 | |a Berenguer Amenós, Jaime |e author |9 358513 | ||
| 245 | 1 | 0 | |a Gramática griega |
| 250 | |a 6a. ed | ||
| 300 | |a 240 p | ||
| 942 | |c BK | ||
| 945 | |d 19950328 00:00:00 |a oaravena | ||
| 260 | |a Barcelona |b Bosch |c 1949 | ||
| 650 | 0 | |a Gramática |9 270497 | |
| 650 | 7 | |a GRIEGO |2 CL-VaPUC |9 317586 | |
| 583 | |a last modification |c 19950328 00:00:00 |k Rodrigo Vera | ||
| 999 | |c 232508 |d 232506 | ||
| 952 | |0 0 |1 0 |4 0 |6 485_000000000000000_BER_1949 |7 0 |8 R |9 237154 |a BIBEDU |b BIBEDU |c MCIRC |d 2019-11-15 |i 3070654 |l 11 |o 485 BER 1949 |p 3070654 |r 2023-12-11 |s 2023-12-06 |w 2019-11-15 |y BK_R |k FIL | ||
| 952 | |0 0 |1 0 |4 0 |6 485_000000000000000_BER_1949 |7 0 |8 R |9 237155 |a BIBEDU |b BIBEDU |c MCIRC |d 2019-11-15 |i 1561200 |l 6 |o 485 BER 1949 |p 1561200 |r 2023-05-10 |s 2023-05-09 |w 2019-11-15 |y BK_R |k FIL | ||